000
00215nam a22000857a 4500
008
170601b xxu||||| |||| 00| 0 eng d
100
_9
3219
_a
Bujjai
245
_a
My ganesha Chathurthi
260
_a
New Delhi
_b
Devamala
_c
2001
999
_c
6532
_d
6532